000
00338nam a2200133Ia 4500
008
240624s9999 xx 000 0 und d
041
_a
eng
082
_a
368.01 BOO
100
_a
BOOTH PHILIP
245
_a
MODERN ACTUARIAL THEORY AND PRACTICE
260
_c
2004
_a
Boca Raton
_b
CRC Press
300
_a
840 : p. : cm. ; 24
365
_c
_b
30
999
_c
11576
_d
11576